00257nam a2200109Ia 450000500170000000800410001704100080005810000120006624500160007826000330009430000200012720251223131553.0251219s9999 xx 000 0 und d aeng aRajan R aFault Lines bCollins Business/Indiac2010 a355bPaper Back